Random Countries Mouse Hunt! - Statistics

General Stats
  • This quiz has been taken 183,235 times
  • The average score is 7 of 10
Answers on the Map
Answers color-coded by a green-red scale on the quiz's map according to % correct below.
 
Answer Stats
Country % Correct
Russia
99%
United States
99%
Brazil
98%
China
98%
Canada
97%
France
97%
Argentina
96%
India
96%
Mexico
96%
Australia
95%
Germany
94%
South Africa
93%
Algeria
92%
Colombia
92%
Indonesia
92%
Italy
92%
Spain
92%
Ukraine
92%
Kazakhstan
91%
Democratic Republic of the Congo
90%
Peru
90%
Saudi Arabia
90%
Bolivia
89%
Iran
89%
United Kingdom
89%
Egypt
88%
Turkey
88%
Venezuela
88%
Chile
87%
Pakistan
87%
Poland
87%
Sudan
87%
Sweden
87%
Libya
85%
Norway
85%
Romania
85%
Thailand
85%
Afghanistan
83%
Finland
83%
Greece
83%
Mali
83%
Morocco
83%
Denmark
82%
Ethiopia
82%
Vietnam
82%
Chad
81%
Iraq
81%
Nigeria
81%
Paraguay
81%
Japan
80%
Myanmar
80%
Niger
80%
Mongolia
79%
Mauritania
78%
Nicaragua
78%
Uzbekistan
78%
Angola
77%
Belarus
77%
Madagascar
77%
Austria
76%
Laos
76%
Mozambique
76%
New Zealand
76%
Turkmenistan
76%
Botswana
75%
Honduras
75%
Ireland
75%
Namibia
75%
Serbia
75%
Bulgaria
74%
Croatia
74%
Cuba
74%
Tanzania
74%
Yemen
74%
Zambia
74%
Guatemala
73%
Guyana
73%
Malaysia
73%
Panama
73%
Philippines
73%
Portugal
73%
Somalia
73%
Syria
73%
Bahamas
72%
Hungary
72%
Suriname
72%
Central African Republic
71%
Ivory Coast
71%
Kenya
71%
South Korea
71%
South Sudan
71%
Bosnia and Herzegovina
70%
Ghana
70%
North Korea
70%
Uruguay
70%
Ecuador
69%
Oman
69%
Zimbabwe
69%
Czech Republic
68%
Papua New Guinea
68%
Senegal
68%
Cameroon
67%
Kiribati
67%
Nepal
67%
Dominican Republic
66%
Federated States of Micronesia
66%
Fiji
66%
Guinea
65%
Iceland
65%
Latvia
65%
North Macedonia
65%
Solomon Islands
65%
Cambodia
64%
Kyrgyzstan
64%
Lithuania
64%
Tajikistan
64%
Republic of the Congo
63%
Jordan
62%
Bangladesh
61%
Switzerland
61%
Gabon
59%
Slovakia
59%
Netherlands
58%
Costa Rica
57%
Marshall Islands
57%
Belgium
56%
Estonia
56%
Seychelles
55%
Vanuatu
55%
Benin
54%
Cape Verde
54%
Palau
54%
Maldives
53%
Samoa
53%
Tonga
53%
Tuvalu
53%
Uganda
53%
United Arab Emirates
53%
Albania
52%
Lesotho
52%
Georgia
51%
Mauritius
51%
Burkina Faso
50%
Comoros
50%
Haiti
50%
Azerbaijan
49%
Bhutan
48%
Sierra Leone
48%
Togo
48%
Kosovo
47%
São Tomé and Príncipe
47%
Slovenia
47%
Tunisia
47%
Eritrea
45%
Israel
43%
Malta
43%
Moldova
43%
Nauru
43%
Liberia
42%
Montenegro
42%
Armenia
40%
Belize
39%
Eswatini
39%
Taiwan
36%
El Salvador
35%
Cyprus
34%
Malawi
34%
Qatar
34%
Rwanda
34%
Equatorial Guinea
33%
Sri Lanka
33%
Guinea-Bissau
32%
Jamaica
31%
Lebanon
31%
Burundi
29%
Kuwait
25%
Djibouti
24%
Gambia
21%
Luxembourg
21%
East Timor
14%
Brunei
11%
Trinidad and Tobago
10%
No matching quizzes found
Score Distribution
Percent of People with Each Score
Percentile by Number Answered
Your Score History
You have not taken this quiz